The Most Popular Superheroes and Supervillains - Statistics

General Stats
  • This quiz has been taken 16 times
  • The average score is 141 of 400
Answer Stats
Hint Answer % Correct
A Ant-Man
82%
B Batman
82%
I Iron Man
82%
A Aquaman
73%
B Black Widow
73%
C Catwoman
73%
C Cyclops
73%
D Daredevil
73%
E Electro
73%
F Flash
73%
G Green Goblin
73%
H Hulk
73%
J Joker
73%
L Loki Laufeyson
73%
M Magneto
73%
M Mysterio
73%
S Spider-Man (Miles Morales)
73%
S Spider-Man (Peter Parker)
73%
S Superman
73%
T Thanos
73%
T Thor Odinson
73%
W Wonder Woman
73%
A Angel
64%
A Ares
64%
A Atom
64%
B Bane
64%
B Batgirl
64%
B Beast
64%
B Black Canary
64%
B Black Manta
64%
B Blade
64%
C Captain America
64%
C Captain Cold
64%
C Cheetah
64%
C Colossus
64%
C Cyborg
64%
D Darkseid
64%
D Deadpool
64%
D Deadshot
64%
D Deathstroke
64%
E Elektra Natchios
64%
G Gambit
64%
G Gamora
64%
G Green Arrow
64%
G Green Lantern (Guy Gardner)
64%
G Green Lantern (Hal Jordan)
64%
G Green Lantern (John Stewart)
64%
G Groot
64%
H Harley Quinn
64%
H Hawk
64%
H Hawkeye
64%
H Hawkman
64%
H Hercules
64%
H Human Torch
64%
I Iceman
64%
I Invisible Woman
64%
K Kingpin
64%
L Lex Luthor
64%
M Mister Fantastic
64%
M Mystique
64%
O Odin Borson
64%
P Phoenix
64%
P Poison Ivy
64%
Q Quicksilver
64%
R Reverse Flash
64%
R Rocket Raccoon
64%
S Sabretooth
64%
S Scarecrow
64%
S Scarlet Witch
64%
S Sentry
64%
S She-Hulk
64%
S Silver Surfer
64%
S Sinestro
64%
S Star-Lord
64%
S Storm
64%
T Thing
64%
U Ultron
64%
V Vision
64%
W Winter Soldier
64%
W Wolverine
64%
A Abomination
55%
B Banshee
55%
B Batwoman
55%
B Beastboy
55%
B Black Bolt
55%
B Black Cat
55%
B Black Panther (Shuri)
55%
B Black Panther (T'Challa)
55%
B Blue Beetle
55%
C Carnage
55%
D Doctor Octopus
55%
D Doctor Strange
55%
D Doomsday
55%
D Dormammu
55%
D Drax Destroyer
55%
E Ego - Living Planet
55%
G Galactus
55%
H Hawkgirl
55%
H Hobgoblin
55%
I Iron Fist
55%
K Kang the Conqueror
55%
K Killer Croc
55%
K King Shark
55%
L Lizard
55%
L Luke Cage
55%
M Mandarin
55%
M Martian Manhunter
55%
M Moon Knight
55%
M Morbius
55%
N Namor the Sub-Mariner
55%
N Nick Fury
55%
N Nightwing
55%
P Peacemaker
55%
P Penguin
55%
P Professor X
55%
P Pyro
55%
R Raven
55%
R Red Hood
55%
R Red Hulk
55%
R Red Robin
55%
R Robin
55%
R Ronan the Accuser
55%
S Sandman
55%
S Scorpion
55%
S Shazam!
55%
S Spider-Woman
55%
S Starfire
55%
S Supergirl
55%
U Ultraman
55%
V Venom
55%
V Vulture
55%
W Wasp
55%
W White Widow
55%
Y Yellowjacket
55%
Z Zeus
55%
A Apocalypse
45%
B Baron Mordo
45%
B Baron Zemo
45%
B Bizarro
45%
B Black Adam
45%
B Brainiac
45%
B Bullseye
45%
C Cable
45%
C Captain Boomerang
45%
C Captain Britain
45%
D Doctor Doom
45%
F Falcon
45%
F Firestorm
45%
G General Zod
45%
G Ghost
45%
G Ghost Rider
45%
G Gorilla Grodd
45%
H Hela
45%
H Huntress
45%
H Hyperion
45%
I Iron Monger
45%
J Jessica Jones
45%
J Juggernaut
45%
K Killer Frost
45%
K Kraven the Hunter
45%
K Krypto
45%
L Lobo
45%
M Mantis
45%
N Nebula
45%
N Nightcrawler
45%
O Owlman
45%
P Plastic Man
45%
P Psylocke
45%
R Ra's al Ghul
45%
R Red Guardian
45%
R Red Skull
45%
R Rhino
45%
R Riddler
45%
S Shadowcat
45%
S Speed
45%
S Superboy
45%
S Superwoman
45%
T Toad
45%
T Two-Face
45%
W War Machine
45%
W White Queen
45%
W Wong
45%
A Adam Warlock
36%
A Artemis
36%
B Black Knight
36%
B Bronze Tiger
36%
C Chameleon
36%
E Enchantress (Amora)
36%
E Enchantress (June Moone)
36%
H Havok
36%
H Heat Wave
36%
H Heimdall
36%
K Kid Flash
36%
K Killer Moth
36%
M Man-Bat
36%
M Miss Marvel
36%
M Mister Freeze
36%
M Mister Terrific
36%
M M.O.D.O.K
36%
N Nova
36%
P Parasite
36%
P Punisher
36%
Q Question
36%
R Red Tornado
36%
R Rescue
36%
S Shang-Chi
36%
S Solomon Grundy
36%
S Squirrel Girl
36%
S Swamp Thing
36%
T Taskmaster
36%
T Tombstone
36%
U U.S Agent
36%
V Vixen
36%
W Whiplash
36%
W Wonder Girl
36%
Z Zatanna
36%
A A-Bomb
27%
A Agatha Harkness
27%
A Ancient One
27%
A Anti-Venom
27%
A Aqualad
27%
A Arnim Zola
27%
B Beta Ray Bill
27%
B Black Lightning
27%
B Black Mask
27%
B Booster Gold
27%
C Cloak
27%
C Commander Steel
27%
D Dagger
27%
D Doctor Fate
27%
D Doctor Light
27%
D Dove
27%
H Hammerhead
27%
H Hydro-Man
27%
K Katana
27%
L Leader
27%
M Madame Web
27%
M Mad Hatter
27%
M Man-Ape
27%
M Man-Thing
27%
M Medusa
27%
M Mephistoteles
27%
M Mera
27%
M Miss Martian
27%
M Mister Negative
27%
M Mister Sinister
27%
O Ocean Master
27%
P Phantom Stranger
27%
P Polaris
27%
P Polka-Dot Man
27%
P Powerhouse (Franklin Richards)
27%
P Prowler
27%
Q Quasar
27%
S Steppenwolf
27%
S Surtur
27%
T Terra
27%
T Tinkerer
27%
T Trigon
27%
V Valkyrie
27%
W White Canary
27%
W Wiccan
27%
X X-23
27%
A Agent Carter
18%
A Agent Venom
18%
A Aldrich Killian
18%
A Animal Man
18%
A Arsenal
18%
A Atom Smasher
18%
A Atrocitus
18%
A Attuma
18%
A Azazel
18%
A Azrael
18%
B Black King
18%
B Bloodsport
18%
B Brother Blood
18%
C Clock King
18%
C Condiment King
18%
C Count Vertigo
18%
C Crystal
18%
D Doctor Manhattan
18%
E Elasti-Girl
18%
G Grandmaster
18%
H Hush
18%
J Jinx
18%
K Klaw
18%
L Larfleeze
18%
L Legion
18%
L Livewire
18%
L Lockjaw
18%
M Maximus Boltagon
18%
M Mighty Thor
18%
N Nightmare
18%
R Robotman
18%
R Rorschach
18%
S Silver Sable
18%
S Spider-Girl
18%
S Stargirl
18%
S Star Sapphire
18%
T Talos the Untamed
18%
T Triton
18%
V Vandal Savage
18%
A Annihilus
9%
B Baron von Strucker
9%
B Blackfire
9%
C Captain Universe
9%
C Cassandra Nova
9%
C Comedian
9%
C Cosmo the Spacedog
9%
D Daken
9%
D Doctor Sivana
9%
D Doctor Voodoo
9%
E El Diablo
9%
F Fandral
9%
F Felix Faust
9%
F Frigga
9%
G Gizmo
9%
G Gorr the God Butcher
9%
H Hourman
9%
I Ironheart
9%
K Ka-Zar
9%
K Kingo Sunen
9%
K Knull
9%
L Lady Sif
9%
L Laufey
9%
M Malekith
9%
M Mockingbird
9%
M Moondragon
9%
N Negative Man
9%
N Nite Owl
9%
O Okoye
9%
O Omega Red
9%
O Onslaught
9%
O Orphan
9%
O Ozymandias
9%
P Professor Pyg
9%
R Red She-Hulk
9%
R Rip Hunter
9%
S Silk Spectre
9%
S Silver Banshee
9%
S Silvermane
9%
S Starfox
9%
S Starro the Conqueror
9%
T Thena
9%
T Tigra
9%
V Venus
9%
V Vigilante
9%
V Vivian Vision
9%
V Volstagg
9%
W White Dragon
9%
A Aero
0%
A Antiope
0%
A Arishem the Judge
0%
A Askani
0%
A Atlas
0%
B Black Beetle
0%
B Black Heart
0%
B Blackout
0%
B Blizzard
0%
C Chief
0%
C Cyclone
0%
D Darkhawk
0%
D Devil Dinosaur
0%
D Druig
0%
E Engineer
0%
E Erik Killmonger
0%
E Eson the Searcher
0%
G Gorilla-Man
0%
H Hellblazer
0%
H Hippolyta
0%
H Hope Summers
0%
I Ikaris
0%
I Iron Maiden
0%
I Iron Man 2020
0%
J Jigsaw
0%
K Komodo
0%
M M-11 - Human Robot
0%
M Magnitron
0%
M Malcolm Merlyn
0%
M Mastermind
0%
M Maverick
0%
M Mercy Graves
0%
M Moira MacTaggert
0%
M Moon Girl
0%
M Mother Mayhem
0%
N Nakia
0%
O OMAC
0%
P Powerhouse (Naomi McDuffie)
0%
P Presence
0%
R Ragman
0%
R Ratcatcher
0%
R Red King
0%
S Saint Walker
0%
S Scandal Savage
0%
S Sersi
0%
S Sprite
0%
S Starhawk
0%
S Steel Serpent
0%
S Sunset Bain
0%
W Whirlwind
0%
W White Lightning
0%
No matching quizzes found
Score Distribution
Percent of People with Each Score
Percentile by Number Answered
Your Score History
You have not taken this quiz